000 00368nam a22001337a 4500
003 SGT
020 _a9789384579519
082 _a891.4309
_bA15S
100 _aश्रीवास्तव, विशंभर
245 _aआडवाणी के साथ 32 साल
260 _bअनिल प्रकाशन
_c2015
300 _a280
942 _2ddc
_cBK
999 _c31415
_d31415